Les pays pour passer des USA en Uruguay - Statistiques

Statistiques générales
  • Ce quiz a été pris 230 fois
  • Le résultat moyen est 7 sur 8
Statistiques - réponses
Réponse % Correct
Mexique
100%
Brésil
82%
Colombie
81%
Honduras
80%
Guatemala
79%
Panama
79%
Costa Rica
77%
Nicaragua
75%
Aucun quiz correspondant
Distribution des résultats
% des personnes avec chaque résultat
Percentile par nombre de réponses
Votre historique - résultats
Vous n’avez pas pris ce quiz